| 000 | 00520nam a22001817a 4500 | ||
|---|---|---|---|
| 005 | 20251108164111.0 | ||
| 008 | 250721s1984 xx 000 0 ara d | ||
| 082 | 1 | 4 | _a155.42/دبا |
| 100 | 1 | _aدبابنه، ميشيل | |
| 245 | 1 | 0 | _aسيكولوجية الطفولة / |
| 264 | 1 |
_aعمان : _bدار المستقبل للنشر و التوزيع، _c1984. |
|
| 300 | _a246ص | ||
| 650 | 1 | 7 | _aالأطفال |
| 650 | 1 | 7 | _aعلم النفس |
| 700 | 1 | _aمحفوظ، نبيل | |
| 942 |
_2ddc _cBK |
||
| 999 |
_c3618 _d3618 |
||